Оръжия на възмездието (Запис номер 78175)
[ съкратено ]
| 000 -Лидер | |
|---|---|
| Контролно поле с фиксирана дължина | 02468nam a2200493 c 4500 |
| 003 - Код на организацията, давaща контролен номер | |
| Контролно поле | BLK |
| 005 - Дата и час на последна редакция | |
| Контролно поле | 20250512170933.0 |
| 008 - Елементи от данни с фиксирана дължина | |
| fixed length control field | 180408b bul|||||r ||||||| ||bul|| |
| 010 ## - Наследен системен номер | |
| LC control number | KNG00082640000 |
| 020 ## - Международен стандартен номер на книга ISBN | |
| Международен стандартен номер на книга ISBN | 978-954-8517-43-0 |
| 040 ## - Източник на каталожния запис | |
| Идентификатор на билиотеката - собственик на записа | BLK |
| 041 ## - Код за език | |
| Код за езика на текст/звукозапис или на отделно заглавие | Български |
| Код за езика КДБФ | Български |
| 080 ## - УДК | |
| Текстов определител УДК | Оръжие. Въоръжение. Артилерийско-техн. въоръжение. БТР. Стрелково оръжие. Боеприпаси и БОВ. Управляеми и неупр. ракети |
| УДК код - определител по УДК | 623.4 |
| УДК определител | (091) |
| УДК - код + определител | 623.4(091) |
| 080 ## - УДК | |
| Текстов определител УДК | Военно дело. Военни науки. Народна отбрана. Въоръжени сили |
| УДК код - определител по УДК | 355/359 |
| УДК определител | (100)(091) |
| УДК - код + определител | 355/359(100)(091) |
| 080 ## - УДК | |
| Текстов определител УДК | История на Втората световна война (1939-1945) |
| УДК код - определител по УДК | 940.53 |
| УДК - код + определител | 940.53 |
| 100 1# - Редна дума - Автор | |
| Автор | Бийтън, Марк |
| Авторска отговорност | първи автор |
| R(LIN) | 39011 |
| 139 ## - Редно поле | |
| Редна дума | Бийтън, Марк и др. |
| Авторски знак | Би - Б 44 |
| 245 10 - Сведения за заглавието | |
| Заглавие | Оръжия на възмездието |
| Подзаглавни данни | Пещерата на Аладин ; Top Secret |
| Редно поле (дума) | Марк Бийтън; съавт. Джон Пониатоф; * Mark Beaten; * John Poniatoff; прев. от англ. Рая Йотова. |
| 257 ## - Страна на издаване | |
| Страна на създаване/издаване | Съединени американски щати |
| 260 ## - Област на издателските данни | |
| Име на издателя, разпространителя и проч. | ICON |
| Година на издаване | 2007 |
| 300 ## - Физическа характеристика | |
| Страници | 432 с. |
| Илюстрации и др. | със сн. |
| Размери/Мащаб | 24 см |
| 380 ## - Жанр | |
| Жанр | Обществени науки |
| 490 1# - СЕРИИ (Колекции) | |
| Име на серия | Световните конспирации |
| 500 ## - Общи забележки | |
| Забележка | Ориг. загл. Wonder Weapons / Mark Beaten, John Poniatoff. - Съдържа и Индекс. Авт. са означени на гърба на загл. с. - Съдържа Пещерата на Аладин ; Top secret ISBN 978-954-8517-43-0 Военно-въздушни сили история Самолети, военни |
| 650 #4 - Допълнително описание по предмет – тема | |
| Основно описание – тема или топоним | Оръжия |
| 9 (RLIN) | 165245 |
| 650 #4 - Допълнително описание по предмет – тема | |
| Основно описание – тема или топоним | Война |
| 9 (RLIN) | 151195 |
| 650 #4 - Допълнително описание по предмет – тема | |
| Основно описание – тема или топоним | Военна техника |
| 9 (RLIN) | 262428 |
| 653 ## - Ключова дума – ненормативна | |
| Ключова дума | въоръжение |
| 653 ## - Ключова дума – ненормативна | |
| Ключова дума | оръжие |
| 653 ## - Ключова дума – ненормативна | |
| Ключова дума | войни |
| 653 ## - Ключова дума – ненормативна | |
| Ключова дума | военна техника |
| 700 1# - Други автори (авторска отговорност) | |
| Лично име | Пониатоф, Джон |
| Автороска отговорност (Описва отношението между автора и произведението) | съавт. |
| 9 (RLIN) | 111531 |
| 700 1# - Други автори (авторска отговорност) | |
| Лично име | Beaten, Mark |
| Автороска отговорност (Описва отношението между автора и произведението) | * |
| 9 (RLIN) | 4725 |
| 700 1# - Други автори (авторска отговорност) | |
| Лично име | Poniatoff, John |
| Автороска отговорност (Описва отношението между автора и произведението) | * |
| 9 (RLIN) | 21482 |
| 700 1# - Други автори (авторска отговорност) | |
| Лично име | Йотова, Рая |
| Автороска отговорност (Описва отношението между автора и произведението) | прев. от англ. |
| 9 (RLIN) | 366548 |
| 852 ## - Местоположение | |
| Форматна сигнатура | Цб 320050 |
| Фондова буква | Хранилище |
| 856 4# - Електронен адрес и достъп | |
| Електронен формат | pdf - файл |
| 856 4# - Електронен адрес и достъп | |
| Електронен формат | pdf - файл |
| 942 ## - АРТИКУЛИ | |
| Вид на библиотечния материал | Книги |
| Скрит в OPAC | Не |
| Koha issues (borrowed), all copies | 3 |
| 944 ## - СЪЗДАВАНЕ И РЕДАКЦИЯ на ЗАПИСА | |
| Създаване/Редакция | Създаване |
| Дата на регистрацията/редакция | 25.03.2008 |
| Статус, дата на статуса | Цветелина Шанова |
| Служител, извършил регистрацията/редакцията | 30531 |
| 944 ## - СЪЗДАВАНЕ И РЕДАКЦИЯ на ЗАПИСА | |
| Създаване/Редакция | Редакция |
| Дата на регистрацията/редакция | 06.07.2015 |
| Статус, дата на статуса | ф / |
| Служител, извършил регистрацията/редакцията | Людмила_Стоянова |
| 944 ## - СЪЗДАВАНЕ И РЕДАКЦИЯ на ЗАПИСА | |
| Създаване/Редакция | Редакция |
| Служител, извършил регистрацията/редакцията | М.Я. |
| 999 ## - СИСТЕМНИ КОНТРОЛНИ НОМЕРА | |
| Koha biblionumber | 78175 |
| Koha biblioitemnumber | 78175 |
| 999 ## - СИСТЕМНИ КОНТРОЛНИ НОМЕРА | |
| Koha biblioitemnumber | 78175 |
| Код за отписване | Код за изгубен артикул | Източник на класификационната схема | Код за повреда | Коз за рестрикции | Код за отдаване | Артикулен № | Име на библиотеката - собственик | Име на библиотеката, в която се намира в момента | Статус (Текущо местоположение) | Дата на вписване в системата | Местоположение - отдел | Цена в лева | Инвентарен номер | Систематично азбучна сигнатура | Баркод | Номер на екземпляра | Цена в евро | Служебна бележка | Служебен тип на артикула |
|---|---|---|---|---|---|---|---|---|---|---|---|---|---|---|---|---|---|---|---|
| Не е изгубен | Universal Decimal Classification | Не е повреден | без рестрикции | заемане за дома | 126532 | Регионална библиотека "Любен Каравелов" Русе | Регионална библиотека "Любен Каравелов" Русе | Заемна - подръчен фонд | 2008-03-25 | Заемна - подръчен фонд | 25.00 | 120000724787 | П 623/Б 44 | 120000724787 | 1 | 12.78 | Дост: Pk Вид: Ф N: 177 Дата: 24.03.2008 | Книги | |
| Не е изгубен | Не е повреден | без рестрикции | ползва се в читалня | 126533 | Регионална библиотека "Любен Каравелов" Русе | Регионална библиотека "Любен Каравелов" Русе | Читалня | 2008-12-09 | Читалня | 25.00 | 120000732008 | Ч 623/Б 44 | 120000732008 | 2 | 12.78 | Дост: Pk Вид: Ф N: 11850 Дата: 07.12.2008 Дата инв: 24.03.2017 Бележки инв: Ч2017 | Книги | ||
| Не е изгубен | Universal Decimal Classification | Не е повреден | без рестрикции | заемане за дома | 126534 | Регионална библиотека "Любен Каравелов" Русе | Регионална библиотека "Любен Каравелов" Русе | Заемна - подръчен фонд | 2015-05-28 | Заемна - подръчен фонд | 25.00 | 120000788327 | 623/Б 44 | 120000788327 | 3 | 12.78 | Дост: Pk Вид: Ф N: 432 Дата: 22.05.2015 | Книги | |
| Не е изгубен | Universal Decimal Classification | Не е повреден | без рестрикции | заемане за дома | 690334 | Регионална библиотека "Любен Каравелов" Русе | Регионална библиотека "Любен Каравелов" Русе | Заемна - подръчен фонд | 2019-02-22 | Заемна - подръчен фонд | 25.00 | П 623/Б 44 | 120000830345 | 12.78 | Книги | ||||
| Не е изгубен | Universal Decimal Classification | Не е повреден | само за читалня | ползва се в читалня | 935771 | Регионална библиотека "Любен Каравелов" Русе | Регионална библиотека "Любен Каравелов" Русе | Хранилище | 2023-11-03 | Хранилище | 25.00 | 120000894858 | Цб 320050 | 120000894858 | 12.78 | Книги |